Home help (Record no. 74741)

MARC details
000 -LEADER
fixed length control field 01213cab a2200217 4500
001 - CONTROL NUMBER
control field ABS68689
008 - FIXED-LENGTH DATA ELEMENTS--GENERAL INFORMATION
fixed length control field 050124n2005 000 0 eng u
035 ## - SYSTEM CONTROL NUMBER
System control number (Sirsi) u128586
100 ## - MAIN ENTRY--PERSONAL NAME
Personal name Creffield, P.
245 ## - TITLE STATEMENT
Title Home help
260 ## - PUBLICATION, DISTRIBUTION, ETC.
Date of publication, distribution, etc. 2005
490 ## - SERIES STATEMENT
Series statement RICS Business
Volume/sequential designation January 2005, 14-16(3)
520 ## - SUMMARY, ETC.
Summary, etc. Considers why the residential market needs Home Information Packs (HIPs), which will become mandatory in January 2007 and reports on how RICS has been involved in their development from the start. Looks at the contents of HIPs and in particular the Home Condition Report (HCR). Describes the home inspector training and qualification regime and the opportunities for RICS members to benefit from the HCR initiative. Highlights the setting up of the "RICS Safe as Ư" home inspector training and advice service, which is now licensed as an assessment centre for the home inspector diploma. View the article at www.rics.org.
590 ## - LOCAL NOTE (RLIN)
Local note ABS
650 ## - SUBJECT ADDED ENTRY--TOPICAL TERM
Topical term or geographic name entry element HOME INFORMATION PACKS
650 ## - SUBJECT ADDED ENTRY--TOPICAL TERM
Topical term or geographic name entry element HOME CONDITION REPORTS
650 ## - SUBJECT ADDED ENTRY--TOPICAL TERM
Topical term or geographic name entry element RESIDENTIAL MARKET
650 ## - SUBJECT ADDED ENTRY--TOPICAL TERM
Topical term or geographic name entry element HOUSING ACT 2004 PART V
690 ## - LOCAL SUBJECT ADDED ENTRY--TOPICAL TERM (OCLC, RLIN)
Topical term or geographic name as entry element PROPERTY-RESIDENTIAL PROPERTY-RESIDENTIAL PROPERTY APPRAISAL AND VALUATION
942 ## - ADDED ENTRY ELEMENTS (KOHA)
Suppress in OPAC 0
Holdings
Withdrawn status Lost status Source of classification or shelving scheme Damaged status Not for loan Home library Current library Shelving location Date acquired Total Checkouts Full call number Barcode Date last seen Copy number Price effective from Koha item type
    Dewey Decimal Classification     London London Journal article 24/01/2005   ABS68689 128586-1001 06/08/2019 1 06/08/2019 Journal article